| 000 | 00533nam a2200133 a 4500 | ||
|---|---|---|---|
| 008 | 140520s2009 ||||||||||||||||| || u | ||
| 050 | _aEUROFRUIT(05) | ||
| 110 | _aEurofruit Magazine | ||
| 245 | 1 | 0 |
_aTrade South Africa 2009: a publication of Eurofruit magazine _cby Eurofruit |
| 260 |
_aCape Town: _bEurofruit Magazine _c2009 |
||
| 300 | _a32p.: ill. | ||
| 650 | _aFRUITS-- SOUTH AFRICA | ||
| 995 |
_FCBU-MAIN LIBRARY (Kitwe) _M1 _UAVAILABLE _WMay 20, 2014 _ZInternational Publications |
||
| 999 |
_c60223 _d60223 |
||